000 00673nam a2200217Ia 4500
003 GCL
008 140319s9999 xx 000 0 ara d
040 _aGCL /
_cGCL
082 0 4 _a158
_bف ض
100 1 _aفونتانا، ديفيد
245 1 0 _aالضغوط النفسية تغلب عليها وابدأ الحياة /
_cفونتانا، ديفيد
700 1 _aرضا عبدالله ابو سريع
700 1 _aحمدى على الفرماوى
300 _a190 ص
490 _a
650 0 4 _aعلم النفس
650 0 4 _aالعلاقات الانسانية
650 0 4 _aالشخصية
650 0 4 _aالضغط الاجتماعى
942 _2ddc
_cBK
999 _c37676
_d37676